| 000 | 00449nam a2200157 4500 | ||
|---|---|---|---|
| 001 | 116525 | ||
| 003 | ES-MaACL | ||
| 005 | 20230906190724.0 | ||
| 007 | t| | ||
| 008 | 061121s1947 sz r ||||1| eng d | ||
| 100 | 1 |
_aPauli, Wolfgang. _989653 |
|
| 245 | 1 | 0 |
_aExclusion principle and quantum mechaniscs / _cby Wolfgang Pauli. |
| 260 |
_aNeuchatel : _bEd. du Griffon, _c1947. |
||
| 300 |
_a51 p. ; _c21 cm. |
||
| 852 |
_aES-MaACL _j1581-F-16 _bR.24206 |
||
| 999 |
_c116525 _d116525 |
||